Entry Nombre personal
001 - NÚMERO DE CONTROL
- campo de control: 163898
003 - IDENTIFICADOR DE NÚMERO DE CONTROL
- campo de control: SpMaBN
005 - FECHA Y HORA DE LA ÚLTIMA TRANSACCIÓN
- campo de control: 20230619163809.0
008 - ELEMENTOS DE DATO DE LONGITUD-FIJA
- campo de control de longitud fija: 920423n| aijnnaabn |a aaa
016 ## - NÚMERO DE CONTROL DE UNA AGENCIA BIBLIOGRÁFICA NACIONAL
- Número de control del registro: BNE19923156870
024 7# - IDENTIFICADOR DE OTROS ESTÁNDARES
- Número estándar o código: http://viaf.org/viaf/28779002/
- Fuente: viaf
024 7# - IDENTIFICADOR DE OTROS ESTÁNDARES
- Número estándar o código: https://isni.org/isni/0000000059482156
- Fuente: isni
040 ## - FUENTE DE CATALOGACIÓN
- Centro catalogador/agencia de origen: SpMaBN
- Lengua de catalogación: spa
- Centro/agencia transcriptor: SpMaBN
- Normas de descripción: rdc
- Convención/Normas de encabezamiento de materia/tesauro: embne
- Centro/agencia modificador: ES-MaACL
100 1# - ENCABEZAMIENTO-NOMBRE DE PERSONA
- Nombre de persona: Acaso Deltell, Eduardo,
372 ## - CAMPO DE ACTIVIDAD
- Campo de actividad: Geodinámica Externa
- Fuente de información: (Dialnet)
375 ## - GÉNERO/SEXO
- Género: Masculino
400 1# - TRAZADO DE VÉASE--NOMBRE DE PERSONA
- Nombre de persona: Acaso, E.,
400 1# - TRAZADO DE VÉASE--NOMBRE DE PERSONA
- Nombre de persona: Acaso, Eduardo,
670 ## - FUENTE DE DATOS ENCONTRADOS
- Cita de la fuente: Seminarios científicos del Departamento de Geología, 2001;
- Información encontrada: port. (Eduardo Acaso Deltell)
670 ## - FUENTE DE DATOS ENCONTRADOS
- Cita de la fuente: Problemas geomorfológicos del centro y noroeste de la península ibérica, 1991;
- Información encontrada: port. (editado por ... Acaso, E.) p. 17 (Eduardo Acaso)
670 ## - FUENTE DE DATOS ENCONTRADOS
- Cita de la fuente: WWW Bn España aut., 19-6-2023;
- Información encontrada: (Acaso, Eduardo)
955 ## - CATALOGADOR - EDICIÓN
- Nombre del catalogador: Julia Mas Vieira
